[Event "48th Rilton Cup 2018"]
[Site "Stockholm"]
[Date "2019.01.04"]
[Round "8"]
[White "Gopal G.N."]
[Black "Liang, Awonder"]
[Result "1/2-1/2"]
[WhiteElo "2582"]
[BlackElo "2589"]
[Annotator "ChessBase"]
[PlyCount "40"]
[EventDate "2018.12.27"]
[EventType "swiss"]
[EventCountry "SWE"]
[SourceTitle "playchess.com"]
[Source "ChessBase"]
[SourceQuality "1"]
[TimeControl "40/5400+30:1800+30"]

1. e4 {[%emt 0:00:00]} e5 {[%emt 0:00:00]} 2. Nf3 {[%emt 0:00:00]} Nc6 {[%emt 0:00:01]} 3. Bb5 {[%emt 0:00:00]} Nf6 {[%emt 0:00:05]} 4. d3 {[%emt 0:00:00]} Ne7 {[%emt 0:00:06]} 5. c3 {[%emt 0:02:57]} c6 {[%emt 0:02:42]} 6. Ba4 {[%emt 0:00:32]} Ng6 {[%emt 0:02:21]} 7. O-O {[%emt 0:00:19]} Be7 {[%emt 0:00:34]} 8. Re1 {[%emt 0:07:17]} O-O {[%emt 0:00:09]} 9. h3 {[%emt 0:12:09]} Re8 {[%emt 0:09:33]} 10. Bb3 {[%emt 0:05:01]} Bf8 {[%emt 0:01:51]} 11. d4 {[%emt 0:05:07]} d5 {[%emt 0:11:56]} 12. Bg5 {[%emt 0:09:12]} dxe4 {[%emt 0:03:11]} 13. Rxe4 {[%emt 0:05:22]} Bf5 {[%emt 0:01:29]} 14. Nxe5 {[%emt 0:05:00]} Bxe4 {[%emt 0:04:27]} 15. Nxf7 {[%emt 0:01:15]} Qc7 {[%emt 0:00:21]} 16. Nh6+ {[%emt 0:00:15]} Kh8 {[%emt 0:00:01]} 17. Nf7+ {[%emt 0:00:08]} Kg8 {[%emt 0:00:09]} 18. Nh6+ {[%emt 0:01:17]} Kh8 {[%emt 0:00:02]} 19. Nf7+ {[%emt 0:00:15]} Kg8 {[%emt 0:00:04]} 20. Nh6+ {[%emt 0:00:03]} Kh8 {[%emt 0:00:04]} 1/2-1/2

[Event "48th Rilton Cup 2018"]
[Site "Stockholm"]
[Date "2019.01.04"]
[Round "8"]
[White "Sengupta, Deep"]
[Black "Hauge, Lars Oskar"]
[Result "1-0"]
[WhiteElo "2565"]
[BlackElo "2466"]
[Annotator "ChessBase"]
[PlyCount "49"]
[EventDate "2018.12.27"]
[EventType "swiss"]
[EventCountry "SWE"]
[SourceTitle "playchess.com"]
[Source "ChessBase"]
[SourceQuality "1"]
[TimeControl "40/5400+30:1800+30"]

1. e4 {[%emt 0:00:00]} c5 {[%emt 0:02:28]} 2. Nf3 {[%emt 0:00:00]} d6 {[%emt 0:00:11]} 3. d4 {[%emt 0:00:00]} cxd4 {[%emt 0:00:02]} 4. Nxd4 {[%emt 0:00:00]} Nf6 {[%emt 0:00:06]} 5. Nc3 {[%emt 0:00:00]} a6 {[%emt 0:00:02]} 6. Be2 {[%emt 0:00:02]} e6 {[%emt 0:03:58]} 7. O-O {[%emt 0:00:51]} Be7 {[%emt 0:03:57]} 8. f4 {[%emt 0:00:33]} Qc7 {[%emt 0:01:52]} 9. Kh1 {[%emt 0:04:33]} Nc6 {[%emt 0:05:02]} 10. Be3 {[%emt 0:00:41]} O-O {[%emt 0:00:37]} 11. a4 {[%emt 0:00:28]} Bd7 {[%emt 0:08:19]} 12. Nb3 {[%emt 0:00:32]} Na5 {[%emt 0:15:36]} 13. e5 {[%emt 0:17:04]} Ne8 {[%emt 0:02:12]} 14. Nxa5 {[%emt 0:12:34]} Qxa5 {[%emt 0:01:30]} 15. Ne4 {[%emt 0:02:07]} Qc7 {[%emt 0:00:53]} 16. a5 {[%emt 0:00:30]} d5 {[%emt 0:23:35]} 17. Nd2 {[%emt 0:04:35]} Bb5 {[%emt 0:00:38]} 18. Bxb5 {[%emt 0:04:33]} axb5 {[%emt 0:00:05]} 19. Bb6 {[%emt 0:00:05]} Qd7 {[%emt 0:00:12]} 20. Nb3 {[%emt 0:00:33]} Nc7 {[%emt 0:00:58]} 21. Qd3 {[%emt 0:04:22]} Na6 {[%emt 0:00:50]} 22. Nd4 {[%emt 0:01:37]} Rac8 {[%emt 0:02:56]} 23. f5 {[%emt 0:02:31]} exf5 {[%emt 0:00:53]} 24. Nxf5 {[%emt 0:00:06]} g6 {[%emt 0:01:35]} 25. Qxd5 {[%emt 0:07:47]} 1-0

[Event "48th Rilton Cup 2018"]
[Site "Stockholm"]
[Date "2019.01.04"]
[Round "8"]
[White "Moroni, Luca Jr"]
[Black "Yeoh, Li Tian"]
[Result "1/2-1/2"]
[WhiteElo "2564"]
[BlackElo "2508"]
[Annotator "TA"]
[PlyCount "108"]
[EventDate "2018.12.27"]
[EventType "swiss"]
[EventCountry "SWE"]
[SourceTitle "playchess.com"]
[Source "ChessBase"]
[SourceQuality "1"]

{[%evp 20,108,33,14,39,33,35,47,60,61,62,65,66,64,95,67,122,123,145,138,165,143,168,135,198,170,170,170,170,145,145,145,145,145,145,145,145,145,146,120,120,120,120,120,120,0,120,0,120,120,120,120,120,120,120,120,120,120,120,120,120,120,120,120,120,0,120,0,120,120,120,120,120,120,120,120,129,0,120,0,129,120,120,120,120,120,120,120,120,120,120]} 1. d4 d5 2. c4 c6 3. Nf3 Nf6 4. e3 Bf5 5. Nc3 e6 6. Nh4 Bg6 7. Be2 {D12: Slav Defence: 3 Nf3 Nf6 4 e3 Bf5} Nbd7 8. O-O Bd6 9. g3 O-O 10. Nxg6 hxg6 11. c5 {LiveBook: 4 Games} Be7 12. b4 b6 13. Bd2 Qc8 $146 ({Predecessor:} 13... a5 14. a3 e5 {1-0 (41) Shirov,A (2708)-Hoang,T (2469) Caleta 2013}) 14. f4 a5 15. a3 axb4 16. axb4 Qb7 17. Qc2 b5 (17... Ne8 $14) 18. g4 $16 {[%cal Bg3g4,Bg4g5][%mdl 32]} Rfb8 19. g5 Ne8 20. h4 Nf8 21. Kg2 f5 (21... Rxa1 $16 {is a better defense.} 22. Rxa1 Ra8) 22. Rh1 Rxa1 23. Rxa1 Nc7 24. Ra5 Ra8 25. Qa2 Rxa5 26. Qxa5 Nd7 27. Nd1 {[%cal Bc3d1,Bd1f2,Bf2d3,Bd3b4][%mdl 32]} Bd8 28. Nf2 Qa8 29. Nd3 Qxa5 30. bxa5 Kf7 31. Nb4 Nb8 32. Nd3 Nd7 33. Nb4 Nb8 34. Kf1 Nca6 35. Nd3 Nd7 36. Ke1 Bc7 37. Kd1 Ke7 38. Kc2 Kf7 39. Kb3 Bd8 40. Bc3 Bc7 41. Nb4 Ndb8 42. Nd3 Nd7 43. Bd2 ({White should play} 43. Bd1 $16) 43... Ke7 (43... Bd8 $1 $11 {keeps the balance.}) 44. Be1 Kf7 45. Bc3 Ke7 46. Bd2 Kf7 47. Be1 Ndb8 48. Bd2 Nd7 49. Bc3 (49. Kc2 $16) 49... Ndb8 (49... Ke7 $1 $11) 50. Ne1 {White is better.} Bd8 51. Nc2 Ke7 52. Na3 Nc7 53. Bd2 Kf7 54. Nc2 Nca6 {Accuracy: White = 61%, Black = 53%.} 1/2-1/2

[Event "48th Rilton Cup 2018"]
[Site "Stockholm"]
[Date "2019.01.04"]
[Round "8"]
[White "Debashis, Das"]
[Black "Urkedal, Frode Olav Olsen"]
[Result "0-1"]
[WhiteElo "2544"]
[BlackElo "2537"]
[Annotator "ChessBase"]
[PlyCount "46"]
[EventDate "2018.12.27"]
[EventType "swiss"]
[EventCountry "SWE"]
[SourceTitle "playchess.com"]
[Source "ChessBase"]
[SourceQuality "1"]
[TimeControl "40/5400+30:1800+30"]

1. d4 {[%emt 0:00:00]} Nf6 {[%emt 0:00:00]} 2. c4 {[%emt 0:00:00]} e6 {[%emt 0:00:00]} 3. Nf3 {[%emt 0:00:00]} b6 {[%emt 0:00:00]} 4. e3 {[%emt 0:00:03]} Bb7 {[%emt 0:00:28]} 5. Bd3 {[%emt 0:02:02]} d5 {[%emt 0:00:32]} 6. O-O {[%emt 0:02:35]} Bd6 {[%emt 0:01:31]} 7. b3 {[%emt 0:00:14]} O-O {[%emt 0:00:12]} 8. Bb2 {[%emt 0:00:04]} Nbd7 {[%emt 0:01:23]} 9. Nbd2 {[%emt 0:00:10]} Ne4 {[%emt 0:06:18]} 10. Rc1 {[%emt 0:00:29]} h6 {[%emt 0:18:25]} 11. cxd5 {[%emt 0:08:39]} exd5 {[%emt 0:00:19]} 12. Ne5 {[%emt 0:01:15]} c5 {[%emt 0:29:50]} 13. Nxe4 {[%emt 0:11:33]} dxe4 {[%emt 0:00:48]} 14. Bc4 {[%emt 0:00:18]} Nxe5 {[%emt 0:09:55]} 15. dxe5 {[%emt 0:00:15]} Bc7 {[%emt 0:00:05]} 16. Qg4 {[%emt 0:04:40]} Qg5 {[%emt 0:02:52]} 17. Qd7 {[%emt 0:02:16]} Rac8 {[%emt 0:00:05]} 18. Rcd1 {[%emt 0:02:41]} Qh5 {[%emt 0:00:43]} 19. g4 {[%emt 0:20:21]} Qh4 {[%emt 0:03:02]} 20. Qf5 {[%emt 0:09:59]} Rce8 {[%emt 0:05:58]} 21. Rd7 {[%emt 0:22:42]} Bc8 {[%emt 0:00:14]} 22. Rfd1 {[%emt 0:01:14]} Bxe5 {[%emt 0:12:51]} 23. Bxe5 {[%emt 0:09:23]} Bxd7 {[%emt 0:00:51]} 0-1

[Event "48th Rilton Cup 2018"]
[Site "Stockholm"]
[Date "2019.01.04"]
[Round "8"]
[White "Lalith Babu M R"]
[Black "Donchenko, Alexander"]
[Result "1-0"]
[WhiteElo "2529"]
[BlackElo "2604"]
[Annotator "ChessBase"]
[PlyCount "69"]
[EventDate "2018.12.27"]
[EventType "swiss"]
[EventCountry "SWE"]
[SourceTitle "playchess.com"]
[Source "ChessBase"]
[SourceQuality "1"]
[TimeControl "40/5400+30:1800+30"]

1. d4 Nf6 2. Nf3 d5 3. c4 e6 4. g3 Be7 5. Bg2 O-O 6. O-O Nbd7 7. Nc3 dxc4 8. a4 c6 9. e4 e5 10. dxe5 Ng4 11. e6 fxe6 12. Bf4 Bf6 13. Qe2 Nge5 14. Nxe5 Nxe5 15. Rfd1 Nd3 16. e5 Be7 17. Be3 Qa5 18. f4 Bd7 19. Ne4 Rad8 20. b3 Nc5 21. Qxc4 Nxe4 22. Rxd7 {[%emt 1:12:20]} Bc5 {[%emt 1:19:11]} 23. Qxe6+ {[%emt 0:04:08]} Kh8 {[%emt 0:00:02]} 24. Bxe4 {[%emt 0:00:19]} Bxe3+ {[%emt 0:00:17]} 25. Kh1 {[%emt 0:00:38]} Qb4 {[%emt 0:02:21]} 26. Bg2 {[%emt 0:01:04]} Qc3 {[%emt 0:03:53]} 27. Rf1 {[%emt 0:01:34]} Qb4 {[%emt 0:07:52]} 28. Rxd8 {[%emt 0:05:03]} Rxd8 {[%emt 0:00:02]} 29. f5 {[%emt 0:00:05]} Qf8 {[%emt 0:05:53]} 30. f6 {[%emt 0:01:00]} gxf6 {[%emt 0:00:05]} 31. exf6 {[%emt 0:00:04]} Bg5 32. f7 Qe7 33. Qf5 Kg7 34. Be4 Rh8 35. f8=Q+ 1-0

[Event "48th Rilton Cup 2018"]
[Site "Stockholm"]
[Date "2019.01.04"]
[Round "8"]
[White "Santos Ruiz, Miguel"]
[Black "Koykka, Pekka"]
[Result "1-0"]
[WhiteElo "2523"]
[BlackElo "2405"]
[Annotator "ChessBase"]
[PlyCount "97"]
[EventDate "2018.12.27"]
[EventType "swiss"]
[EventCountry "SWE"]
[SourceTitle "playchess.com"]
[Source "ChessBase"]
[SourceQuality "1"]
[TimeControl "40/5400+30:1800+30"]

1. e4 {[%emt 0:00:00]} c6 {[%emt 0:00:00]} 2. d4 {[%emt 0:00:00]} d5 {[%emt 0:00:00]} 3. exd5 {[%emt 0:00:07]} cxd5 {[%emt 0:00:00]} 4. Bd3 {[%emt 0:00:09]} Nc6 {[%emt 0:00:06]} 5. c3 {[%emt 0:00:04]} Qc7 {[%emt 0:00:24]} 6. h3 {[%emt 0:04:52]} Nf6 {[%emt 0:01:55]} 7. Nf3 {[%emt 0:00:34]} g6 {[%emt 0:00:17]} 8. Qc2 {[%emt 0:00:29]} Bg7 {[%emt 0:02:43]} 9. O-O {[%emt 0:04:41]} O-O {[%emt 0:00:10]} 10. Re1 {[%emt 0:00:37]} Nd7 {[%emt 0:05:41]} 11. Be3 {[%emt 0:17:38]} e5 {[%emt 0:09:43]} 12. dxe5 {[%emt 0:01:23]} Ndxe5 {[%emt 0:00:11]} 13. Nbd2 {[%emt 0:07:23]} Re8 {[%emt 0:10:23]} 14. Nxe5 {[%emt 0:17:32]} Nxe5 {[%emt 0:01:55]} 15. Bd4 {[%emt 0:01:14]} Bd7 {[%emt 0:03:03]} 16. Bf1 {[%emt 0:04:10]} Ng4 {[%emt 0:04:49]} 17. hxg4 {[%emt 0:04:08]} Bxd4 {[%emt 0:02:09]} 18. Nf3 {[%emt 0:13:31]} Bb6 {[%emt 0:00:11]} 19. g5 {[%emt 0:00:19]} Bg4 {[%emt 0:21:58]} 20. Nh2 {[%emt 0:01:33]} Bf5 {[%emt 0:05:16]} 21. Qd2 {[%emt 0:01:00]} Re4 {[%emt 0:00:52]} 22. Nf3 {[%emt 0:01:43]} Qg3 {[%emt 0:14:48]} 23. Nd4 {[%emt 0:04:01]} Qd6 {[%emt 0:03:16]} 24. g3 {[%emt 0:03:56]} Rae8 {[%emt 0:01:41]} 25. Bg2 {[%emt 0:00:11]} Rxe1+ {[%emt 0:02:42]} 26. Rxe1 {[%emt 0:00:05]} Rxe1+ {[%emt 0:01:54]} 27. Qxe1 {[%emt 0:00:03]} Bd7 {[%emt 0:00:33]} 28. Qe3 {[%emt 0:01:12]} Kg7 {[%emt 0:03:09]} 29. Kh2 {[%emt 0:01:13]} Bd8 {[%emt 0:01:28]} 30. Qd2 {[%emt 0:02:25]} Bb6 {[%emt 0:01:05]} 31. Nc2 {[%emt 0:01:48]} Be6 {[%emt 0:01:58]} 32. Nd4 {[%emt 0:01:17]} Bd7 {[%emt 0:00:11]} 33. Kg1 {[%emt 0:00:47]} Qe5 {[%emt 0:00:52]} 34. f4 {[%emt 0:01:44]} Qd6 {[%emt 0:00:13]} 35. Kh2 {[%emt 0:00:42]} Bc6 {[%emt 0:00:56]} 36. b4 {[%emt 0:01:43]} Kf8 {[%emt 0:00:52]} 37. a3 {[%emt 0:00:45]} Ke7 {[%emt 0:00:19]} 38. Nf3 {[%emt 0:00:45]} Qe6 {[%emt 0:00:25]} 39. Ne5 {[%emt 0:00:12]} Bc7 {[%emt 0:00:27]} 40. Bh3 {[%emt 0:00:14]} Qd6 {[%emt 0:00:48]} 41. Qe3 {[%emt 0:31:12]} Kf8 {[%emt 0:05:33]} 42. Qxa7 {[%emt 0:00:00]} Qe7 {[%emt 0:11:47]} 43. Qd4 {[%emt 0:00:00]} Kg8 {[%emt 0:09:02]} 44. Bg2 {[%emt 0:00:00]} Qe6 {[%emt 0:00:24]} 45. a4 {[%emt 0:00:00]} Bxa4 {[%emt 0:02:13]} 46. Bxd5 {[%emt 0:00:00]} Qa6 {[%emt 0:04:04]} 47. Bxf7+ {[%emt 0:00:00]} Kf8 {[%emt 0:00:06]} 48. Bc4 {[%emt 0:00:00]} b5 {[%emt 0:00:26]} 49. Qd7 {[%emt 0:00:00]} 1-0

[Event "48th Rilton Cup 2018"]
[Site "Stockholm"]
[Date "2019.01.04"]
[Round "8"]
[White "Blomqvist, Erik"]
[Black "Gajewski, Grzegorz"]
[Result "0-1"]
[WhiteElo "2497"]
[BlackElo "2598"]
[Annotator "ChessBase"]
[PlyCount "54"]
[EventDate "2018.12.27"]
[EventType "swiss"]
[EventCountry "SWE"]
[SourceTitle "playchess.com"]
[Source "ChessBase"]
[SourceQuality "1"]
[TimeControl "40/5400+30:1800+30"]

1. Nf3 {[%emt 0:00:00]} d5 {[%emt 0:01:47]} 2. g3 {[%emt 0:00:00]} Nd7 {[%emt 0:00:12]} 3. Bg2 {[%emt 0:04:40]} e5 {[%emt 0:00:53]} 4. d3 {[%emt 0:00:33]} Ngf6 {[%emt 0:00:14]} 5. O-O {[%emt 0:00:55]} c6 {[%emt 0:00:07]} 6. e4 {[%emt 0:03:01]} dxe4 {[%emt 0:00:12]} 7. dxe4 {[%emt 0:00:06]} Bc5 {[%emt 0:00:16]} 8. Qe2 {[%emt 0:08:48]} O-O {[%emt 0:02:01]} 9. a4 {[%emt 0:01:03]} a5 {[%emt 0:01:31]} 10. Nbd2 {[%emt 0:05:13]} b6 {[%emt 0:06:13]} 11. Nc4 {[%emt 0:34:13]} Ba6 {[%emt 0:00:05]} 12. Bh3 {[%emt 0:03:00]} Ne8 {[%emt 0:14:37]} 13. Rd1 {[%emt 0:05:17]} Nd6 {[%emt 0:00:31]} 14. b3 {[%emt 0:00:14]} Nf6 {[%emt 0:22:29]} 15. Be3 {[%emt 0:10:22]} Nfxe4 {[%emt 0:08:24]} 16. Bxc5 {[%emt 0:00:52]} Bxc4 {[%emt 0:02:55]} 17. bxc4 {[%emt 0:00:32]} bxc5 {[%emt 0:00:24]} 18. Nxe5 {[%emt 0:05:19]} Re8 {[%emt 0:02:59]} 19. f4 {[%emt 0:05:17]} f6 {[%emt 0:03:18]} 20. Bf5 {[%emt 0:05:28]} fxe5 {[%emt 0:01:22]} 21. Bxe4 {[%emt 0:00:04]} exf4 {[%emt 0:00:08]} 22. Bxh7+ {[%emt 0:00:20]} Kxh7 {[%emt 0:00:14]} 23. Qh5+ {[%emt 0:00:30]} Kg8 {[%emt 0:00:06]} 24. Qg6 {[%emt 0:00:34]} Qe7 {[%emt 0:03:17]} 25. Rxd6 {[%emt 0:01:26]} Qe3+ {[%emt 0:01:48]} 26. Kg2 {[%emt 0:00:11]} Qe2+ {[%emt 0:00:48]} 27. Kh3 {[%emt 0:00:44]} Re5 {[%emt 0:00:06]} 0-1

[Event "48th Rilton Cup 2018"]
[Site "Stockholm"]
[Date "2019.01.04"]
[Round "8"]
[White "Salomon, Johan"]
[Black "Volkov, Sergey"]
[Result "0-1"]
[WhiteElo "2494"]
[BlackElo "2583"]
[Annotator "ChessBase"]
[PlyCount "82"]
[EventDate "2018.12.27"]
[EventType "swiss"]
[EventCountry "SWE"]
[SourceTitle "playchess.com"]
[Source "ChessBase"]
[SourceQuality "1"]
[TimeControl "40/5400+30:1800+30"]

1. Nf3 {[%emt 0:00:00]} d5 {[%emt 0:00:00]} 2. g3 {[%emt 0:00:00]} Nf6 {[%emt 0:00:00]} 3. Bg2 {[%emt 0:00:06]} Bf5 {[%emt 0:00:00]} 4. O-O {[%emt 0:01:18]} e6 {[%emt 0:00:18]} 5. d3 {[%emt 0:01:57]} Be7 {[%emt 0:00:53]} 6. c4 {[%emt 0:02:29]} c6 {[%emt 0:01:03]} 7. cxd5 {[%emt 0:02:34]} exd5 {[%emt 0:00:38]} 8. Qb3 {[%emt 0:00:40]} Qc8 {[%emt 0:02:18]} 9. e4 {[%emt 0:12:35]} dxe4 {[%emt 0:01:35]} 10. Ng5 {[%emt 0:00:04]} Bg6 {[%emt 0:00:35]} 11. dxe4 {[%emt 0:00:42]} h6 {[%emt 0:03:46]} 12. e5 {[%emt 0:00:36]} Nfd7 {[%emt 0:06:50]} 13. Nh3 {[%emt 0:13:35]} Nc5 {[%emt 0:04:29]} 14. Qc3 {[%emt 0:01:31]} O-O {[%emt 0:06:00]} 15. Be3 {[%emt 0:03:22]} Nba6 {[%emt 0:00:56]} 16. Nf4 {[%emt 0:01:33]} Bf5 {[%emt 0:03:06]} 17. Nd2 {[%emt 0:00:34]} Rd8 {[%emt 0:01:01]} 18. Nc4 {[%emt 0:03:40]} Nd3 {[%emt 0:02:12]} 19. Rad1 {[%emt 0:04:42]} Nab4 {[%emt 0:04:25]} 20. Nd6 {[%emt 0:23:52]} Bxd6 {[%emt 0:02:05]} 21. exd6 {[%emt 0:00:04]} Rxd6 {[%emt 0:00:25]} 22. Nh5 {[%emt 0:01:35]} Qf8 {[%emt 0:03:01]} 23. Bc5 {[%emt 0:00:53]} Nxa2 {[%emt 0:01:01]} 24. Qd2 {[%emt 0:06:43]} Nxc5 {[%emt 0:01:32]} 25. Qxd6 {[%emt 0:00:04]} Bg4 {[%emt 0:06:13]} 26. Qxf8+ {[%emt 0:00:05]} Kxf8 {[%emt 0:00:10]} 27. Ra1 {[%emt 0:00:06]} Nb4 {[%emt 0:00:13]} 28. Nf4 {[%emt 0:00:27]} g5 {[%emt 0:00:56]} 29. h3 {[%emt 0:07:33]} Bf5 {[%emt 0:01:40]} 30. g4 {[%emt 0:05:56]} Bc2 {[%emt 0:04:04]} 31. Nh5 {[%emt 0:00:01]} Nb3 {[%emt 0:04:14]} 32. Ra3 {[%emt 0:00:23]} a5 {[%emt 0:00:10]} 33. Be4 {[%emt 0:02:22]} Nd2 {[%emt 0:01:55]} 34. Bxc2 {[%emt 0:00:42]} Nxf1 {[%emt 0:01:32]} 35. Bf5 {[%emt 0:01:49]} Nd2 {[%emt 0:00:10]} 36. Nf6 {[%emt 0:00:20]} Ke7 {[%emt 0:02:54]} 37. Nd7 {[%emt 0:00:15]} Nc4 {[%emt 0:01:44]} 38. Rc3 {[%emt 0:00:25]} Nxb2 {[%emt 0:00:48]} 39. Nb6 {[%emt 0:01:13]} Ra6 {[%emt 0:02:47]} 40. Re3+ {[%emt 0:00:29]} Kd6 {[%emt 0:02:00]} 41. Nc8+ {[%emt 0:30:05]} Kc5 {[%emt 0:30:27]} 0-1

[Event "48th Rilton Cup 2018"]
[Site "Stockholm"]
[Date "2019.01.04"]
[Round "8"]
[White "Gholami, Aryan"]
[Black "Rohith Krishna S"]
[Result "1-0"]
[WhiteElo "2488"]
[BlackElo "2399"]
[Annotator "ChessBase"]
[PlyCount "115"]
[EventDate "2018.12.27"]
[EventType "swiss"]
[EventCountry "SWE"]
[SourceTitle "playchess.com"]
[Source "ChessBase"]
[SourceQuality "1"]
[TimeControl "40/5400+30:1800+30"]

1. Nf3 {[%emt 0:00:00]} d5 {[%emt 0:01:34]} 2. d4 {[%emt 0:00:34]} Nf6 {[%emt 0:00:51]} 3. Bf4 {[%emt 0:00:13]} e6 {[%emt 0:00:38]} 4. e3 {[%emt 0:00:08]} Bd6 {[%emt 0:00:47]} 5. Bd3 {[%emt 0:00:11]} O-O {[%emt 0:00:34]} 6. O-O {[%emt 0:00:23]} b6 {[%emt 0:01:15]} 7. Ne5 {[%emt 0:00:12]} Bb7 {[%emt 0:01:32]} 8. Qf3 {[%emt 0:00:19]} Ne4 {[%emt 0:06:54]} 9. Qh3 {[%emt 0:01:00]} f5 {[%emt 0:00:20]} 10. f3 {[%emt 0:02:18]} Nf6 {[%emt 0:01:30]} 11. g4 {[%emt 0:02:30]} fxg4 {[%emt 0:06:34]} 12. fxg4 {[%emt 0:02:09]} Ne4 {[%emt 0:00:11]} 13. Nc3 {[%emt 0:03:15]} Qe7 {[%emt 0:08:34]} 14. Nxe4 {[%emt 0:03:20]} dxe4 {[%emt 0:00:47]} 15. Qg2 {[%emt 0:00:06]} exd3 {[%emt 0:26:27]} 16. Qxb7 {[%emt 0:00:14]} Nd7 {[%emt 0:00:09]} 17. Nxd3 {[%emt 0:00:19]} Qh4 {[%emt 0:00:38]} 18. Bxd6 {[%emt 0:03:48]} cxd6 {[%emt 0:00:06]} 19. Qe4 {[%emt 0:01:48]} Qh6 {[%emt 0:06:02]} 20. Rf4 {[%emt 0:02:50]} d5 {[%emt 0:03:03]} 21. Qg2 {[%emt 0:00:14]} Qg5 {[%emt 0:03:49]} 22. Raf1 {[%emt 0:01:07]} Rfc8 {[%emt 0:04:50]} 23. c3 {[%emt 0:03:23]} Qg6 {[%emt 0:00:08]} 24. e4 {[%emt 0:00:07]} Rf8 {[%emt 0:01:40]} 25. Rxf8+ {[%emt 0:01:18]} Rxf8 {[%emt 0:00:08]} 26. Rxf8+ {[%emt 0:00:29]} Nxf8 {[%emt 0:00:06]} 27. Ne5 {[%emt 0:00:08]} Qg5 {[%emt 0:08:47]} 28. exd5 {[%emt 0:01:00]} Qc1+ {[%emt 0:00:07]} 29. Qf1 {[%emt 0:00:04]} Qxf1+ {[%emt 0:00:05]} 30. Kxf1 {[%emt 0:00:04]} exd5 {[%emt 0:00:04]} 31. Nc6 {[%emt 0:00:05]} Ng6 {[%emt 0:00:10]} 32. Nxa7 {[%emt 0:00:14]} Ne7 {[%emt 0:00:04]} 33. Nb5 {[%emt 0:02:01]} Kf7 {[%emt 0:00:23]} 34. Nc7 {[%emt 0:00:05]} Kf6 {[%emt 0:00:18]} 35. Kf2 {[%emt 0:00:10]} g6 {[%emt 0:00:51]} 36. Kg3 {[%emt 0:00:16]} h6 {[%emt 0:00:11]} 37. a4 {[%emt 0:00:11]} Kf7 {[%emt 0:00:53]} 38. b4 {[%emt 0:00:07]} Nc8 {[%emt 0:00:08]} 39. Nxd5 {[%emt 0:00:12]} Ke6 {[%emt 0:00:39]} 40. c4 {[%emt 0:00:10]} Kd6 {[%emt 0:00:11]} 41. h4 {[%emt 0:30:16]} Kc6 {[%emt 0:30:08]} 42. b5+ {[%emt 0:00:09]} Kb7 {[%emt 0:00:10]} 43. c5 {[%emt 0:00:06]} g5 {[%emt 0:00:10]} 44. hxg5 {[%emt 0:00:05]} hxg5 {[%emt 0:00:05]} 45. Kf3 {[%emt 0:00:21]} bxc5 {[%emt 0:00:10]} 46. dxc5 {[%emt 0:00:04]} Kb8 {[%emt 0:00:06]} 47. Ke4 {[%emt 0:00:04]} Kb7 {[%emt 0:00:05]} 48. Kf5 {[%emt 0:00:04]} Kb8 {[%emt 0:00:05]} 49. Kxg5 {[%emt 0:00:04]} Kb7 {[%emt 0:00:06]} 50. Kh4 {[%emt 0:00:04]} Kb8 {[%emt 0:00:06]} 51. g5 {[%emt 0:00:04]} Kb7 {[%emt 0:00:04]} 52. g6 {[%emt 0:00:04]} Kb8 {[%emt 0:00:11]} 53. g7 {[%emt 0:00:04]} Kb7 {[%emt 0:00:06]} 54. g8=Q {[%emt 0:00:07]} Kb8 {[%emt 0:00:04]} 55. Qd8 {[%emt 0:00:11]} Ka7 {[%emt 0:00:05]} 56. Qc7+ {[%emt 0:00:13]} Ka8 {[%emt 0:00:03]} 57. Qxc8+ {[%emt 0:00:17]} Ka7 {[%emt 0:00:06]} 58. b6# {[%emt 0:00:03]} 1-0